Top 10 Most Eaten Desserts in America - Statistics

General Stats
  • This quiz has been taken 1,546 times
  • The average score is 5 of 10
Answer Stats
# Answer % Correct
6 Ice Cream
93%
8 Chocolate Chip Cookies
73%
5 Apple Pie
64%
7 Brownies
58%
9 Chocolate Cake
53%
2 Cupcakes
48%
1 Cheesecake
45%
3 Jello
17%
4 Carrot Cake
14%
10 Fudge
12%
No matching quizzes found
Score Distribution
Percent of People with Each Score
Percentile by Number Answered
Your Score History
You have not taken this quiz